| 000 | 01133nam0a22002651 4500 | ||
|---|---|---|---|
| 001 | rc\2725999 | ||
| 005 | 20250806211152.0 | ||
| 035 | _a(NLR Aleph) 006853476 | ||
| 090 |
_a7375 _c7375 |
||
| 100 | _a20110915d1943 u y0rusy50 ca | ||
| 101 | 0 | _arus | |
| 102 | _aRU | ||
| 105 | _aa z ||||| | ||
| 200 | 1 |
_aСборник монтажных таблиц для проводов воздушных линий электропередачи _eПо нормам 1933 г. для I гололедного района средних климатических условий _eСост. по материалам ПКБ и ВВС Мосэнерго _fПод ред. инж. А. Я. Либерман |
|
| 210 |
_aМосква _aЛенинград _cГосэнергоиздат _d1943 |
||
| 215 |
_a30, [2] с. _cтабл. _d20 см. |
||
| 300 | _aНапеч. в Москве | ||
| 702 | 1 |
_aЛиберман _bА.Я. _4340 |
|
| 801 | 0 |
_aRU _bNLR _gpsbo |
|
| 801 | 1 |
_aRU _bELAR _2rusmarc |
|
| 852 |
_aNLR _jТ20 Г-4/136 |
||
| 942 | _cBOOK | ||
| 945 | _aРоссийская национальная библиотека | ||
| 980 | _aNB | ||
| 980 | _aBV | ||